| Поле | Название | Значение |
| |
Тип записи |
a |
| |
Библиографический уровень |
m |
| 001 |
Контрольный номер |
RU/IS/BASE/388755020 |
| 005 |
Дата корректировки |
20201206204825.6 |
| 010 |
Индекс ISBN |
__ |
| a |
ISBN |
978-985-15-0301-4 (в пер.) |
| d |
Цена |
100-00 |
| 101 |
Язык документа |
1_ |
| a |
Язык текста |
rus |
| c |
Язык оригинала |
eng |
| 200 |
Заглавие и сведения об ответственности |
1_ |
| a |
Заглавие |
Школа бизнеса |
| f |
Первые сведения об ответственности |
Роберт Т. Кийосаки и Шэрон Л. Лектер; [пер. с англ. Л. А. Бабук] |
| b |
Общее обозначение материала |
Текст |
| 200 |
Заглавие и сведения об ответственности |
__ |
| d |
Параллельное заглавие |
Rich dad's the business school / by Robert T. Kiyosaki with Sharon L. Lechter |
| 205 |
Сведения об издании |
__ |
| a |
Основные сведения об издании |
[4-е изд.] |
| 210 |
Выходные данные |
__ |
| a |
Место издания |
Минск |
| c |
Издательство |
Попурри |
| d |
Дата издания |
2003 |
| 215 |
Физическое описание |
__ |
| a |
Объем |
272 с. |
| c |
Иллюстрации/тип воспроизводства |
ил. |
| d |
Формат |
21 |
| 225 |
Серия |
__ |
| a |
Серия |
Богатый папа рекомендует |
| 300 |
Общие примечания |
__ |
| a |
Общие примечания |
На обл. в подзаг.: Для тех, кто любит помогать другим людям |
| 330 |
Аннотация |
__ |
| a |
Аннотация |
Книга адресована широкому кругу читателей, решивших и желающих достичь финансового благополучия и свободы с помощью сетевого маркетинга. |
| 606 |
Тематические рубрики |
__ |
| a |
Основная рубрика |
Экономика |
| 606 |
Тематические рубрики |
__ |
| a |
Основная рубрика |
Экономика торговли |
| 610 |
Ключевые слова |
__ |
| a |
Ключевые слова |
сетевой маркетинг; финансовый успех; богатство; бизнес; психология маркетинга; семейный бизнес; экономическая психология; деньги; психология денег; психология успешности; финансовое мышление; капитал; обогащение; финансовое благополучие; финансовый интеллект; управление богатством; практические рекомендации; сетевой бизнес |
| 686 |
Индексы других классификаций |
__ |
| a |
Классификационный индекс |
65.422.2-803.4 |
| 700 |
Автор |
_1 |
| a |
Фамилия |
Кийосаки |
| b |
Имя |
Р. Т. |
| g |
Полное личное имя |
Роберт Т. |
| 4 |
Код отношения |
070 |
| 702 |
Вторичная интеллектуальная ответственность |
_1 |
| a |
Фамилия |
Лектер |
| b |
Имя |
Ш. Л. |
| 4 |
Код отношения |
Автор |
| g |
Полное личное имя |
Шэрон Л. |
| 4 |
Код отношения |
070 |
| 702 |
Вторичная интеллектуальная ответственность |
_1 |
| a |
Фамилия |
Бабук |
| b |
Имя |
Л. А. |
| 4 |
Код отношения |
Переводчик |
| 4 |
Код отношения |
070 |
| 801 |
Источник записи |
_0 |
| a |
Страна |
RU |
| b |
Организация |
Муниципальное бюджетное учреждение культуры "Централизованная библиотечная система" г. Сургут (Центральная городская библиотека им. А. С. Пушкина) |
| g |
Правила каталогизации |
КиК/Елгина |
| 801 |
Источник записи |
_1 |
| a |
Страна |
RU |
| b |
Организация |
Муниципальное бюджетное учреждение культуры "Централизованная библиотечная система" г. Сургут (Центральная городская библиотека им. А. С. Пушкина) |
| g |
Правила каталогизации |
КиК/Елгина |
| 852 |
Данные о местонахождении |
__ |
| j |
Шифр хранения |
65.422.2-803.4 |
| i |
Авторский знак |
К 38 |
| 901 |
Тип документа |
__ |
| t |
Тип документа |
m |
| 903 |
Характеристики (МАРС) |
__ |
| a |
Дата передачи |
20120426 |
| 990 |
Данные о заказе (DOS) |
__ |
| j |
Количество экземпляров (DOS) |
1 |
| t |
N записи в КСУ для И/У (DOS) |
201205 |